Spell the Marvel Character #93 - Statistics

General Stats
  • This quiz has been taken 29 times
  • The average score is 11 of 15
Answer Stats
Picture Answer % Correct
Iron Man
100%
Ironheart
91%
Mantis
91%
Storm
91%
Adam Warlock
86%
Iron Lad
82%
Nakia
77%
Outlaw
77%
Elsa Bloodstone
73%
White Tiger
73%
Invisible Woman
55%
Night Thrasher
55%
Blink
45%
Lady Fantomex
41%
Vindicator
32%
No matching quizzes found
Score Distribution
Percent of People with Each Score
Percentile by Number Answered
Your Score History
You have not taken this quiz